| 000 | 00655nam a2200205 a 4500 | ||
|---|---|---|---|
| 003 | PILC | ||
| 005 | 20150112093439.0 | ||
| 008 | 100723s19uu xx 00 eng d | ||
| 020 | _a0071139893 | ||
| 050 |
_aT 57.6 _b.H53 1995 |
||
| 082 |
_aMnSF 658.4034 _bH53 1995 |
||
| 100 |
_aHillier, Frederick S. _917599 |
||
| 245 |
_aIntroduction to operations research / _cFrederick S. Hiller and Gerald J. Lieberman |
||
| 250 | _a6th ed. | ||
| 260 |
_aSigapore : _bMcGraw-HIll Book Co. - Singapore, _c1995. |
||
| 300 |
_a998 pages : _billustration ; _c23 cm. |
||
| 650 |
_aOperation research _917600 |
||
| 700 |
_aLieberman, Gerald J. _917601 |
||
| 942 |
_2lcc _cBK |
||
| 999 |
_c14680 _d14680 |
||